| 000 | nam a22 7a 4500 | ||
|---|---|---|---|
| 999 |
_c149076 _d149074 |
||
| 005 | 20190805104522.0 | ||
| 008 | 190613b mx ||||| |||| 00| 0 spa d | ||
| 020 | _a9786074241754 | ||
| 050 | 0 | 4 |
_aTD793.3 _bB84 2010 |
| 100 | 1 | _aBuenrostro Delgado, Otoniel | |
| 245 | 1 | 3 |
_aEl plan de manejo de los residuos sólidos de la Universidad Michoacana De San Nicolas de Hidalgo _c/ Otoniel Buenrostro Delgado |
| 250 | _a1a ed. | ||
| 260 |
_aMorelia, Michoacán : _bUniversidad Michoacana de San Nicolás de Hidalgo, Instituto de Investigaciones Agropecuarias y Forestales, _c2010 |
||
| 300 |
_a62 p. : _bil. ; _c28 cm. |
||
| 504 | _aIncluye bibliografía. | ||
| 610 | 2 | 0 |
_aUniversidad Michoacana _tPlan ambiental institucional _xManejo de residuos |
| 650 | 7 |
_2lemb _aBasuras y aprovechamiento de basuras |
|
| 942 |
_2lcc _cLIB |
||